000
00325nam a22001457a 4500
008
230913b ||||| |||| 00| 0 eng d
020
_a
9780262581554
041
_a
eng
080
_a
521
082
_a
521HAU
100
_a
19
101
_a
ASTRO
245
_a
THE EVOLUTION OF COMMUNICATION
_c
HAUSER.D.M
942
_2
udc
_c
BK
999
_c
60364
_d
60364